000 00732nam a2200205 i 4500
001 186910
003 ES-MaACL
005 20260217063018.0
008 170228s1933 sp |||| | spa d
100 1 _aLasplaces, Alberto,
_d1887-1950
_9161907
245 1 0 _aJosé Artigas, protector de los pueblos libres /
_cpor Alberto Lasplaces.
250 _a1ª ed.
260 _aMadrid :
_bEspasa-Calpe,
_c1933.
300 _a248 p., [4] p. lám. ;
_c18 cm.
490 1 _aVidas Españolas e Hispanoamericanas del Siglo XIX ;
_v38
600 0 4 _aArtigas, José Gervasio,
_d1764-1850
_923465
830 0 0 _aVidas españolas e hispanoamericanas del siglo XIX
_v38
_9192640
852 _aES-MaACL
_jC-23247
999 _c186910
_d186910